00721nam a22002297a 4500003000800000005001700008008004100025020001800066040001700084041001200101082001500113100001500128245009800143260004700241300001900288653001800307653005900325653004500384653003700429942000800466999001700474IBSLLIB20260513050713.0260513b |||||||| |||| 00| 0 eng d a9780071829137 aIBSLLIBbeng hEnglish a358.4bPYL aPyle , Rod aInnovation The NASA Way :bHarnessing The Power Of Your Organization For Breakthrough Success aNew York :bMC Graw Hill Education ,c2014 a278 P ;c24 CM aUnited States aNational Aeronautics and Space Administration- History aTechnological Innovations - Case Studies aCreative Thinking - Case Studies cLBK c22114d22114